000 00873nam0a22002531 4500
001 rc\400098
005 20250621072439.0
035 _a(NLR Aleph) 005648977
090 _a6750600
_c6750600
100 _a20030616d1989 |||y0rusy50 ca
101 0 _arus
102 _aRU
105 _ay |||||||||
200 1 _aОб эволюции Земли
_fКабард.-Балкар. орг. о-ва "Знание" РСФСР, Кабард.-Балкар. агромелиор. ин-т
205 _a2-е изд., перераб. и доп.
210 _aНальчик
_cБ. и.
_d1989
215 _a64, [1] с.
_d20
320 _aБиблиогр.: с. 61-64 (38 назв.)
700 1 _aАксиров
_bМ.М.
_f1936-
_gМухаметхан Мухамедович
801 0 _aRU
_bNLR
_gpsbo
801 1 _aRU
_bELAR
_2rusmarc
852 _aNLR
_j90-4/1874
942 _cBOOK
980 _aNB